00474 a2200157 4500010001400000020002300014035001300037037001600050082001100066100001900077245008500096260004200181270004400223300002900267500002000296 aENG-90171 c750.00a8189131142 aEN-73704 bDBAD / PUB14a954.351 aReddy, R. Soma1 aStudies in the socio-economic history of medieval Andhra Desa/cby R. Soma Reddy aNew DelhibResearch India Pressc2007 aE-6/34, Sangam ViharbNew Delhie110062 axxi, 187p.c22 cm. (Hb) aIncludes index.